00498cam a2200169 a 450000100100000000500170001000800410002702000150006804000290008308200190011210000250013124500400015626000690019630000210026565000190028665000230030500001822720200929165418.0741023s1973 xxc 000 1 eng d a0773600256 aDO-SdBNPbengcLCdBNPHU a823.912bB191d1 aBallem, John Bishop.14aThe devil's lighter /cJohn Ballem. aDon Mills, Ontario :bGeneral Publishing Company Limited,c1973. a237 p. ;c23 cm. 4aNovela inglesa 4aLiteratura inglesa